| 000 | 00961cam a22002777a 4500 | ||
|---|---|---|---|
| 005 | 20220817043045.0 | ||
| 008 | 971010s1976 r 10010 d | ||
| 010 | _a64206 | ||
| 011 | _a65178 | ||
| 035 | _a71440 | ||
| 082 |
_a631.4063 _bC7r 1976 |
||
| 111 | 0 | 0 |
_aCongreso Nacional de la Ciencia del Suelo ( _d9 _d: 1976 _c: Durango, Dgo.) _927046 |
| 245 | 0 | _aResúmenes de ponencias | |
| 260 |
_aDurango, Dgo. : _bLa Sociedad, _c1976 |
||
| 300 | _a134 p | ||
| 590 |
_aBATCH-UPD _b10 _c20130110 _lUCH01 _h0702 |
||
| 590 |
_aBATCH-UPD _b10 _c20130110 _lUCH01 _h2326 |
||
| 590 |
_aBATCH-UPD _b10 _c20130410 _lUCH01 _h0347 |
||
| 590 |
_aBATCH-UPD _b10 _c20130914 _lUCH01 _h1032 |
||
| 590 |
_aCONVERSION _b10 _c20130109 _lUCH01 _h1335 |
||
| 650 | 1 | 4 |
_aSuelos _xCongresos. _9110281 |
| 650 | 1 | 4 |
_aSuelos _xCongresos _xMéxico. _9110282 |
| 710 | 0 | _aSociedad Mexicana de la Ciencia del Suelo. | |
| 901 | _aBK | ||
| 949 |
_a631.4063 C7r 1976 _bS _cLIBRO _d-4065 _eLIBRO _h1928 _i71440 _si |
||
| 999 |
_c64206 _d64206 |
||